000 00669nam a22002057a 4500
003 OSt
005 20260423011629.0
008 260423b |||||||| |||| 00| 0 eng d
020 _a978-971-510-319-0
040 _aDWC-Main Lib.
_cOC
082 _aRes. 282 L426w 2023
100 _aLayugan, Michael SVD
245 _aWilhelm Finnemann :
_bAn SVD Filipino Martyr/
_cMichael Layugan, SVD
260 _aSta. Cruz, Manila. Philippines:
_bLogos Publications, inc.,
_cc2023.
300 _a645 pages :
_billustrations ;
_c22cm.
650 _a1. Bishop.
650 _a2. Catholic Church.
650 _a3. Society of Divine Word .
942 _2ddc
_cBK-0 CIRC
_hRes.
_n0
999 _c9753
_d9753